Libro de oro del Partido Republicano Radical (Record no. 93422)
[ view plain ]
| 000 -LEADER | |
|---|---|
| campo de control de longitud fija | 00983nam a2200193 i 4500 |
| 001 - NÚMERO DE CONTROL | |
| campo de control | 93422 |
| 003 - IDENTIFICADOR DE NÚMERO DE CONTROL | |
| campo de control | ES-MaACL |
| 005 - FECHA Y HORA DE LA ÚLTIMA TRANSACCIÓN | |
| campo de control | 20250819081313.0 |
| 007 - CAMPO FIJO DE DESCRIPCIÓN FÍSICA--INFORMACIÓN GENERAL | |
| campo de control de longitud fija | t| |
| 008 - DATOS DE LONGITUD FIJA--INFORMACIÓN GENERAL | |
| campo de control de longitud fija | 050526q19301939sp ||||1| spa d |
| 245 00 - MENCIÓN DEL TÍTULO | |
| Título | Libro de oro del Partido Republicano Radical |
| Resto del título | : historia de la organización desde su iniciación en los partidos republicanos históricos hasta el 31 de diciembre de 1934, siendo en esta fecha Presidente de la República D. Niceto Alcalá-Zamora y Jefe del Gobierno D. Alejandro Lerroux / |
| Mención de responsabilidad, etc. | director literario Antonio Marsá Bragado ... Promotor y uno de los redactores políticos... Bernardo Izcaray Calzada. |
| 260 ## - PUBLICACIÓN, DISTRIBUCIÓN, ETC. | |
| Lugar de publicación, distribución, etc. | Madrid : |
| Nombre del editor, distribuidor, etc. | [s.n., |
| Fecha de publicación, distribución, etc. | 193-?] ( |
| Fabricante | Sucesores de Rivadeneyra) |
| 300 ## - DESCRIPCIÓN FÍSICA | |
| Extensión | 572 p. : |
| Otras características físicas | il. ; |
| Dimensiones | 35 cm. |
| 610 24 - PUNTO DE ACCESO ADICIONAL DE MATERIA--NOMBRE DE ENTIDAD CORPORATIVA | |
| Nombre de entidad corporativa o nombre de jurisdicción como elemento de entrada | Partido Republicano Federal (España. 1930) |
| 9 (RLIN) | 6150 |
| 700 1# - ENTRADA AGREGADA--NOMBRE PERSONAL | |
| Nombre de persona | Izcaray Calzada, Bernardo. |
| 9 (RLIN) | 65687 |
| 700 1# - ENTRADA AGREGADA--NOMBRE PERSONAL | |
| Nombre de persona | Marsá Bragado, Antonio. |
| 9 (RLIN) | 77099 |
| 852 ## - LOCALIZACIÓN | |
| Ubicación | ES-MaACL |
| Número de control de estantería | F-15799 |
| Sublocalización o colección | R.20218 |
| Estatus retirado | Estado de pérdida | Estado de daño | No para préstamo | Biblioteca de origen | Biblioteca actual | Ubicación en estantería | Fecha de adquisición | Fuente de adquisición | Total de préstamos | Signatura topográfica completa | Código de barras | Visto por última vez | Precio de reemplazo | Tipo de ítem Koha |
|---|---|---|---|---|---|---|---|---|---|---|---|---|---|---|
| Biblioteca del Ateneo de Madrid | Biblioteca del Ateneo de Madrid | Sala Pecera Planta 2 | 17/01/2008 | F-15799 | 1097548 | 23/02/2023 | 23/02/2023 | Libro impreso |
